000 00194 a2200085 4500
245 _aheart of darkness
_hText
100 _aANTONY FOTHERGILL
650 _aOPEN GUIDES TO LITERATURE
005 20191017172222.0
084 _aNONE
999 _c8595
_d8595